NBA Jersey Sponsors - Statistics

General Stats
  • This quiz has been taken 10 times
  • The average score is 14 of 30
Answer Stats
Team Sponsor % Correct
Los Angeles Lakers Bibigo
71%
Cleveland Cavaliers Cliffs
71%
Boston Celtics Amica
57%
Philadelphia 76ers Crypto.com
57%
Charlotte Hornets Feastables
57%
Oklahoma City Thunder Love's
57%
Chicago Bulls Motorola
57%
Milwaukee Bucks Motorola
57%
Golden State Warriors Rakuten
57%
Atlanta Hawks YMCA
57%
Portland Trail Blazers Bright Side Windows
43%
Dallas Mavericks Chime
43%
New York Knicks Experience Abu Dhabi
43%
Brooklyn Nets Get Your Guide
43%
Denver Nuggets iBotta
43%
Utah Jazz Live View Technologies
43%
Houston Rockets Memorial Hermann
43%
New Orleans Pelicans New Age Products
43%
Phoenix Suns PayPal
43%
Sacramento Kings Reviver
43%
Memphis Grizzlies Robinhood
43%
Miami Heat Robinhood
43%
Washington Wizards Robinhood
43%
San Antonio Spurs Self Financial
43%
Minnesota Timberwolves Sezzle
43%
Indiana Pacers Spokenote
43%
Detroit Pistons StockX
43%
Toronto Raptors Sun Life
43%
Orlando Magic Walt Disney World
43%
Los Angeles Clippers Honey
29%
No matching quizzes found
Score Distribution
Percent of People with Each Score
Percentile by Number Answered
Your Score History
You have not taken this quiz